000 00642cam a22002293a 4500
001 10491
003 PGUSA
005 20140828083225.0
008 031201s2003||||xxu|||||s|||||000 | eng d
040 _aPGUSA
_beng
042 _adc
050 4 _aPN
100 1 _aPowers, Leland Todd,
_d1857-1920
245 1 0 _aPractice Book, Leland Powers School
_h[electronic resource] /
_cLeland Todd Powers
260 _bProject Gutenberg,
_c2003
506 _aPublic domain in the USA.
516 _aElectronic text
653 _aRecitations
830 0 _aProject Gutenberg
_v10491
856 4 0 _uhttp://www.gutenberg.org/ebooks/10491
942 _cEB
999 _c239746
_d239746